<?xml version="1.0" encoding="UTF-8"?>
<collection xmlns="http://www.loc.gov/MARC21/slim">
 <record>
  <leader>01158naa a2200241 i 4500</leader>
  <controlfield tag="001">acta77458</controlfield>
  <controlfield tag="005">20221129154226.0</controlfield>
  <controlfield tag="008">221129s2022    hu      o     1||   hun d</controlfield>
  <datafield tag="020" ind1=" " ind2=" ">
   <subfield code="a">978-963-306-864-9</subfield>
  </datafield>
  <datafield tag="040" ind1=" " ind2=" ">
   <subfield code="a">SZTE Egyetemi Kiadványok Repozitórium</subfield>
   <subfield code="b">hun</subfield>
  </datafield>
  <datafield tag="041" ind1=" " ind2=" ">
   <subfield code="a">hun</subfield>
  </datafield>
  <datafield tag="100" ind1="1" ind2=" ">
   <subfield code="a">Nemes Márk</subfield>
  </datafield>
  <datafield tag="245" ind1="1" ind2="0">
   <subfield code="a">Q-Anon - egy funkcionalista vallástudományi megközelítés </subfield>
   <subfield code="h">[elektronikus dokumentum] :</subfield>
   <subfield code="b">[absztrakt] /</subfield>
   <subfield code="c"> Nemes Márk</subfield>
  </datafield>
  <datafield tag="260" ind1=" " ind2=" ">
   <subfield code="a">Szegedi Tudományegyetem Bölcsészet- és Társadalomtudományi Kar Vallástudományi Tanszék</subfield>
   <subfield code="b">Szeged</subfield>
   <subfield code="c">2022</subfield>
  </datafield>
  <datafield tag="300" ind1=" " ind2=" ">
   <subfield code="a">45</subfield>
  </datafield>
  <datafield tag="490" ind1="0" ind2=" ">
   <subfield code="a">Interdiszciplináris vallástudományi hallgatói konferencia : absztrakt kötet</subfield>
   <subfield code="v">4</subfield>
  </datafield>
  <datafield tag="650" ind1=" " ind2="4">
   <subfield code="a">Társadalomtudományok</subfield>
  </datafield>
  <datafield tag="650" ind1=" " ind2="4">
   <subfield code="a">Szociológia</subfield>
  </datafield>
  <datafield tag="650" ind1=" " ind2="4">
   <subfield code="a">Bölcsészettudományok</subfield>
  </datafield>
  <datafield tag="650" ind1=" " ind2="4">
   <subfield code="a">Filozófia, etika és vallástudományok</subfield>
  </datafield>
  <datafield tag="695" ind1=" " ind2=" ">
   <subfield code="a">Vallásszociológia - előadáskivonat, Vallástudomány - előadáskivonat</subfield>
  </datafield>
  <datafield tag="711" ind1=" " ind2=" ">
   <subfield code="a">Interdiszciplináris Vallástudományi Hallgatói Konferencia (4.)</subfield>
   <subfield code="c">Szeged</subfield>
   <subfield code="d">2022. április 22-23.</subfield>
  </datafield>
  <datafield tag="856" ind1="4" ind2="0">
   <subfield code="u">http://acta.bibl.u-szeged.hu/77458/1/2022_iv_interdiszciplinaris_vallastudomanyi_konf_045.pdf</subfield>
   <subfield code="z">Dokumentum-elérés </subfield>
  </datafield>
 </record>
</collection>
